Lịch sử kiến trúc phương Tây Tóm tắt bài giảng và minh họa

Uloženo v:
Podrobná bibliografie
Hlavní autor: Trần Văn Khải
Médium: Kniha
Jazyk:Undetermined
Vydáno: Hà Nội Giao Thông Vận Tải
Témata:
Tagy: Přidat tag
Žádné tagy, Buďte první, kdo otaguje tento záznam!
Thư viện lưu trữ: Trung tâm Học liệu Trường Đại học Cần Thơ
LEADER 00546nam a2200169Ia 4500
001 CTU_37877
008 210402s9999 xx 000 0 und d
082 |a 720.94 
082 |b Kh103 
100 |a Trần Văn Khải 
245 0 |a Lịch sử kiến trúc phương Tây 
245 0 |b Tóm tắt bài giảng và minh họa 
245 0 |c Trần Văn Khải 
260 |a Hà Nội 
260 |b Giao Thông Vận Tải 
650 |a architecture - western europe 
980 |a Trung tâm Học liệu Trường Đại học Cần Thơ